000
00280nam a22001217a 4500
999
_c
153244
_d
153244
082
_a
_b
100
_a
Udayabhanu Singh
245
_a
Sahithya adhyan ki dhrushtiya/
_c
by Udayabhanu Singh.
260
_a
New Delhi:
_b
National,
_c
300
_a
129p.
650
_a
942
_c
BK